Pays d'Europe sans A - Statistiques

Statistiques générales
  • Ce quiz a été pris 1 387 fois
    1 353 depuis la dernière actualisation
  • Le résultat moyen est 15 sur 19
Statistiques - réponses
Réponse % Correct
Belgique
92%
Suède
91%
Russie
88%
Norvège
87%
Estonie
86%
Pologne
86%
Suisse
86%
Lettonie
85%
Grèce
84%
Luxembourg
83%
Biélorussie
82%
Hongrie
81%
Slovénie
81%
Kosovo
76%
Serbie
76%
Liechtenstein
72%
Monténégro
71%
Bosnie-Herzegovine
70%
Tchéquie
70%
Aucun quiz correspondant
Distribution des résultats
% des personnes avec chaque résultat
Percentile par nombre de réponses
Votre historique - résultats
Vous n’avez pas pris ce quiz depuis la dernière actualisation